00508nam a22002057a 4500003000500000005001700005008004100022010001000063011001000073035001000083040000900093082001400102100001800116245008200134250001100216260003600227300001100263650001200274650001600286CHAP20220329135520.0971013s1736 r 00010 d a37868 a38840 a42960 cCHAP a615.1bQ800aQuincy, John. aPharmacopeia Officinalis & Extermporanea.- Or a complete English dispensatory a10 ed. aLondon :bThomas Longman,c1736 a700 p.14aDrogas.14aFarmacopea.